000
00204nam a22000857a 4500
008
161013b xxu||||| |||| 00| 0 eng d
100
_9
819
_a
Cresswell.H.
245
_a
Stonesstruck
260
_b
Puffin Books
_c
1995
999
_c
3473
_d
3473